000
00255nam a22001097a 4500
082
_a
621.3848 LAA
100
_a
PDF
_9
56879
245
_a
OPERATION MANUAL GENERATOR SET 20 KW LAADS RADAR
260
_a
RAWALPINDI
_b
PDF
_c
2008
300
_a
PDF
942
_c
BK
999
_c
572960
_d
572960